000 01438nam0a2200361 4500
001 RU\NLR\ONL2\23560
005 20250613224024.0
010 _a978-5-295-05448-8
_99150
035 _a(NLR Aleph) 010210518
090 _a10272533
_c10272533
100 _a20031105d2012 |||y0rusy50 ca
101 0 _abak
102 _aRU
105 _aa |||||||||
200 1 _aБулэк
_eрус мэкт. уkыусы башkорт балалары өсөн элифба
_fХ. А. Толомбаев, М. С. Дэулэтшина.
205 _a20-се баçма
210 _aӨфө
_cКитап
_d2012
215 _a127 б.
_cил.
_d24
300 _aНа обл. авт. не указаны.
541 1 _6z01790
_aПодарок
_eбукварь для учащихся-башкир шк. с рус. яз. обучения.
_zrus
606 0 _aБашкирский язык
_xБуквари
_92175505
_3RU\NLR\auth-onl\66134
686 1 _aШ163.22-93рус21[1]б
700 1 _aТоломбаев
_bХ. А.
_gХэсэн Абдулла улы
_4070
701 1 _aДэулэтшина
_bМ. С.
_gМэрхэбэ Сэйэфэр кызы
_4070
790 1 _6z01541
_aТулумбаев
_bХ. А.
_gХасан Абдуллович
_4070
801 0 _aRU
_bNLR
_c20120609
_gPSBO
852 _aNLR
_jБашк./3-5388
_m15112
852 _aNLR
_bОНЛ
942 _cBOOK
980 _aNB
980 _aONL_RF